Desarrollo, aprendizaje y enseñanza en la Educación Secundaria
Gorde:
| Egile nagusia: | |
|---|---|
| Formatua: | Liburua |
| Hizkuntza: | gaztelania |
| Argitaratua: |
Barcelona
Graó
2010
|
| Edizioa: | 1a. ed |
| Saila: | Formación del Profesorado. Educación Secundaria, 1 v.1
|
| Gaiak: | |
| Etiketak: |
Etiketa erantsi
Etiketarik gabe, Izan zaitez lehena erregistro honi etiketa jartzen!
|
MARC
| LEADER | 00000cam a2200000 a 4500 | ||
|---|---|---|---|
| 001 | UCG7710 | ||
| 003 | CL-VaPUC | ||
| 008 | 110905e20101200SP |||||||||||||||||spa|d | ||
| 020 | |a 9788499800165 | ||
| 082 | 0 | 4 | |a 370.15 |b COL |2 21 |
| 100 | 0 | |a Coll, César |e author |9 558232 | |
| 245 | 1 | 0 | |a Desarrollo, aprendizaje y enseñanza en la Educación Secundaria |
| 250 | |a 1a. ed | ||
| 300 | |a 208 p | ||
| 942 | |c BK | ||
| 945 | |d 20110905 00:00:00 |a dcastane | ||
| 260 | |a Barcelona |b Graó |c 2010 | ||
| 650 | 0 | |a Psicología evolutiva |9 271069 | |
| 650 | 0 | |a Educación especial |9 307486 | |
| 583 | |a last modification |c 20161019 11:07:42 |k Rodrigo Vera | ||
| 490 | 0 | |a Formación del Profesorado. Educación Secundaria, 1 v.1 | |
| 999 | |c 345493 |d 345491 | ||
| 952 | |0 0 |1 0 |4 0 |6 370_150000000000000_COL_2010 |7 0 |8 A |9 444274 |a BIBEDU |b BIBEDU |d 2019-11-22 |h v.1 |i 4790030 |o 370.15 COL 2010 |p 4790030 |r 2019-11-22 |w 2019-11-22 |y BK |k EPE | ||
| 952 | |0 0 |1 0 |3 erb |4 0 |6 370_150000000000000_COL_2010 |7 0 |8 A |9 444275 |a FDOPOS |b FDOPOS |h v.1 |i 5194652 |o 370.15 COL 2010 |p 5194652 |r 2025-01-22 |w 2019-11-22 |y BK |z Catalogado en:20150820 |k MED | ||
| 952 | |0 0 |1 0 |3 erb |4 0 |6 370_150000000000000_COL_2010 |7 0 |8 A |9 444276 |a FDOPOS |b FDOPOS |h v.1 |i 5194660 |o 370.15 COL 2010 |p 5194660 |r 2025-01-22 |w 2019-11-22 |y BK |z Catalogado en:20150820 |k MED | ||